ARRUPE JESUIT UNIVERSITY

CORONAVIRUS -STOP THE SPREAD - CLEAN,DISINFECT,COVER

Customs and cultures (Record no. 130546)

MARC details
000 -LEADER
fixed length control field 00457nam a22001337a 4500
008 - FIXED-LENGTH DATA ELEMENTS--GENERAL INFORMATION
fixed length control field 201028b ||||| |||| 00| 0 eng d
050 ## - LIBRARY OF CONGRESS CALL NUMBER
Classification number BV4319.N53
100 ## - MAIN ENTRY--PERSONAL NAME
Personal name Nida, Eugene A.
9 (RLIN) 50007
245 ## - TITLE STATEMENT
Title Customs and cultures
Remainder of title anthropology for Christian Missions
Statement of responsibility, etc Eugene A. Nida
260 ## - PUBLICATION, DISTRIBUTION, ETC. (IMPRINT)
Place of publication, distribution, etc Califonia
Name of publisher, distributor, etc William Carey Library
Date of publication, distribution, etc 1954
300 ## - PHYSICAL DESCRIPTION
Extent xiv, 306p. ;
Dimensions 22cm.
650 ## - SUBJECT ADDED ENTRY--TOPICAL TERM
Topical term or geographic name as entry element Communication
General subdivision Religious aspects
-- Christianity
9 (RLIN) 7752
942 ## - ADDED ENTRY ELEMENTS (KOHA)
Source of classification or shelving scheme Library of Congress Classification
Item type Monograph ( Printed materials)
Holdings
Withdrawn status Lost status Source of classification or shelving scheme Damaged status Not for loan Collection code Home library Current library Shelving location Date acquired Total Checkouts Full call number Barcode Date last seen Price effective from Koha item type
    Library of Congress Classification     Main Collection ARRUPE LIBRARY ARRUPE LIBRARY Main Collection 28/10/2020   BV4319.N53 46600008104 28/10/2020 28/10/2020 Monograph ( Printed materials)

 

Arrupe Library. PO Box MP320 Mt Pleasant, Harare, Zimbabwe
263 242 745411|librarian@aju.ac.zw